书目信息 |
| 题名: |
古玉图考
|
|
| 作者: | 吴大澂 著 ;杜斌 编著 | |
| 分册: | ||
| 出版信息: | 北京 中华书局 2013.10 |
|
| 页数: | 187页 | |
| 开本: | 21cm | |
| 丛书名: | ||
| 单 册: | ||
| 中图分类: | K876.84 | |
| 科图分类: | ||
| 主题词: | 古玉器--Gu Yu Qi--研究--中国 , 研究--Yan Jiu , 中国--Zhong Guo | |
| 电子资源: | ||
| ISBN: | 978-7-101-09597-5 | |
| 000 | 00867nam0 22002771 450 | |
| 001 | 349775 | |
| 005 | 20161010154822.04 | |
| 010 | @a978-7-101-09597-5@dCNY26.00 | |
| 100 | @a20140103d2013 em y0chiy50 ea | |
| 101 | 0 | @achi |
| 102 | @aCN@b110000 | |
| 105 | @aa z 000yy | |
| 106 | @ar | |
| 200 | 1 | @a古玉图考@AGu Yu Tu Kao@f(清)吴大澂著@g杜斌编著 |
| 210 | @a北京@c中华书局@d2013.10 | |
| 215 | @a187页@c图@d21cm | |
| 300 | @a中华生活经典 | |
| 330 | @a本书收录的是吴大澂本人及其友人所藏古玉,图由其族弟吴大桢所绘。图后按类附有器物尺寸、名称、用途、年代等文字说明。 | |
| 606 | 0 | @a古玉器@AGu Yu Qi@x研究@y中国 |
| 606 | 0 | @a研究@AYan Jiu |
| 606 | 0 | @a中国@AZhong Guo |
| 690 | @aK876.84@v5 | |
| 701 | 0 | @c(清)@a吴大澂@AWu Da Cheng@f(1835~1902)@4著 |
| 702 | 0 | @a杜斌@ADu Bin@4编著 |
| 801 | 0 | @aCN@bTANGWEI@20160802 |
| 905 | @b0886700-4@dK876.84@e305@f5 | |
| 古玉图考/(清)吴大澂著/杜斌编著.-北京:中华书局,2013.10 |
| 187页:图;21cm |
| 中华生活经典 |
| ISBN 978-7-101-09597-5:CNY26.00 |
| 本书收录的是吴大澂本人及其友人所藏古玉,图由其族弟吴大桢所绘。图后按类附有器物尺寸、名称、用途、年代等文字说明。 |
| ● |
| 相关链接 |
|
|
|
|
正题名:古玉图考
索取号:K876.84/305
 
预约/预借
| 序号 | 登录号 | 条形码 | 馆藏地/架位号 | 状态 | 备注 |
| 1 | 0886700 | 208867001 | 第二样本阅览室/ [索取号:K876.84/305] | 在馆 | |
| 2 | 0886701 | 208867010 | 第二借阅区/ [索取号:K876.84/305] | 在馆 | |
| 3 | 0886702 | 208867029 | 第二借阅区/ [索取号:K876.84/305] | 在馆 | |
| 4 | 0886703 | 208867038 | 第二借阅区/ [索取号:K876.84/305] | 在馆 | |
| 5 | 0886704 | 208867047 | 第二借阅区/ [索取号:K876.84/305] | 在馆 |